| 000 | 00982nam a22002657a 4500 | ||
|---|---|---|---|
| 001 | BD-DhSAU | ||
| 003 | BD-DhSAU | ||
| 005 | 20250114161422.0 | ||
| 008 | 150420b2005 bg ||||| m||| 00| 0 eng d | ||
| 040 | _aBD-DhSAU | ||
| 082 |
_222 _a635 _bN1452 |
||
| 100 |
_aHAQUE, MD. NAJMUL _eRegistration No. # 16-07087 |
||
| 245 |
_aEffect of intercropping and fertilizer management on the growth and yield of onion _bMS thesis |
||
| 260 |
_aSher-e-Bangla Agricultural University: _bDepartment of Horticulture, _c2023. |
||
| 300 |
_ax, 82p. ; _c30 cm. |
||
| 500 | _aMS thesis of Horticulture, Faculty of Agriculture , Sher-e-Bangla Agricultural University, Dhaka, Bangladesh | ||
| 504 | _aIncludes bibliographical reference. | ||
| 590 | _aNazmul | ||
| 650 | _aintercropping and fertilizer management | ||
| 651 | _aonion | ||
| 700 |
_aProf. Dr. Abul Hasnat M. Solaiman _eSuperviser |
||
| 700 |
_aProf. Dr. Jasim Uddain _eCo-superviser |
||
| 942 |
_2ddc _cTHESIS |
||
| 999 |
_c17762 _d17761 |
||